000 00708 a2200277 4500
001 109541
020 _a9781404855137 (lib. bdg.)
020 _a9781404856882 (pbk.)
041 _aeng
082 _a999999
092 _a2009006891
100 _aAboff, Marcie.
250 _a. ed.
300 _a24 p.
490 _aMath fun
697 _aPicture books for children.
697 _aTriangle
697 _aShapes
830 _aMath fun (Picture Window Books (Firm))
856 _u000010/00001022.jpg
040 _aBR-BrIDEA
_cBR-BrIDEA
090 _aAP Nursery 516
_bABO
245 1 0 _aIf you were a triangle
_c Marcie Aboff
260 _aMinnesota
_bPicture Window Books
_c2010
942 _cBK
999 _c109541
_d109541